00236 a2200109 4500001000700000020000600007040001100013100000600024240004600030245004100076362000900117181756 a  cMagnum a-10aHistoria geral da arte/arquitetura 1lpor10aHistoria geral da arte/arquitetura 10 a1899